000
00381nam a22001217a 4500
040
_c
rua
082
_a
ANN OUK 2014 C011 Or.
100
_a
Ouk Makara,អ៊ុក ម៉ាការា
245
_a
Annual Report 2014,របាយការណ៍ប្រចាំឆ្នាំ២០១៤
260
_a
phnom penh
_b
rua
_c
2014
300
_a
v.164p.
_b
ill.
_c
29cm.
942
_c
REC
999
_c
22132
_d
22132